000 00415nam a2200145Ia 4500
008 230917s9999||||xx |||||||||||||| ||und||
040 _e193032
_aMAIN
041 _aEnglish
082 _a333.336 S31S
100 _aManoj, P K
245 0 _aSpecial economic zones in India: Financial inclusion:Challenges and opportunities
260 _aNew Delhi
_bSerial Publications
_c2009
300 _ax, 425 p.
942 _cBK
999 _c158973
_d158973